Digital signal processing implementations : (Record no. 188251)
[ view plain ]
| 000 -LEADER | |
|---|---|
| fixed length control field | 01362 a2200217 4500 |
| 003 - CONTROL NUMBER IDENTIFIER | |
| control field | Nust |
| 005 - DATE AND TIME OF LATEST TRANSACTION | |
| control field | 20221215111126.0 |
| 010 ## - LIBRARY OF CONGRESS CONTROL NUMBER | |
| LC control number | 2003107814 |
| 020 ## - INTERNATIONAL STANDARD BOOK NUMBER | |
| International Standard Book Number | 0534391230 |
| 035 ## - SYSTEM CONTROL NUMBER | |
| System control number | (DLC) 2003107814 |
| 040 ## - CATALOGING SOURCE | |
| Transcribing agency | Nust |
| 082 ## - DEWEY DECIMAL CLASSIFICATION NUMBER | |
| Classification number | 621.3822,SIN |
| 100 1# - MAIN ENTRY--PERSONAL NAME | |
| Personal name | Avtar Singh, |
| 9 (RLIN) | 95144 |
| 245 10 - TITLE STATEMENT | |
| Title | Digital signal processing implementations : |
| Remainder of title | using DSP microprocessors with examples from TMS320C54xx / |
| Statement of responsibility, etc. | Avtar Singh, S. Srinivasan. |
| 260 ## - PUBLICATION, DISTRIBUTION, ETC. | |
| Place of publication, distribution, etc. | Belmont, CA : |
| Name of publisher, distributor, etc. | Thomson/Brooks/Cole, |
| Date of publication, distribution, etc. | c2004. |
| 300 ## - PHYSICAL DESCRIPTION | |
| Extent | xiii, 346 p. : |
| Other physical details | ill. ; |
| Dimensions | 25 cm. |
| 505 ## - FORMATTED CONTENTS NOTE | |
| Formatted contents note | Introduction (Page-1), Introduction to Digital Signal Processing (Page-6), Computational Accuracy in DSP Implementations (Page-42), Architectures for Programmable Digital Signal Processing Devices (Page-61), Programmable Digital Signal Processors (Page-107), Development Tools for Digital Signal Processing Implementations (Page-154), Implementations of Basic DSP Algorithms (Page-176), Implementation of FFT Algorithms (Page-215), Interfacing Memory and Parallel I/O Peripherals to Programmable DSP Devices (Page-236), Interfacing Serial Converters to a Programmable DSP Device (Page-262), Applications of Programmable DSP Devices Interfacing Serial Converters to a Programmable DSP Device (page-297) |
| 650 #0 - SUBJECT ADDED ENTRY--TOPICAL TERM | |
| Topical term or geographic name entry element | Telecommunication engineering |
| 700 1# - ADDED ENTRY--PERSONAL NAME | |
| Personal name | Srinivasan, S. |
| 9 (RLIN) | 44423 |
| 942 ## - ADDED ENTRY ELEMENTS (KOHA) | |
| Source of classification or shelving scheme | |
| Koha item type | Book |
| Withdrawn status | Lost status | Source of classification or shelving scheme | Damaged status | Not for loan | Permanent Location | Current Location | Shelving location | Date acquired | Full call number | Barcode | Date last seen | Price effective from | Koha item type | Public note |
|---|---|---|---|---|---|---|---|---|---|---|---|---|---|---|
| Military College of Signals (MCS) | Military College of Signals (MCS) | General Stacks | 12/12/2016 | 621.3822,SIN | MCS31593 | 12/08/2016 | 12/12/2016 | Book | Almirah No.37, Shelf No.2 |
